Grottes/Cavernes de fiction - Statistiques

Statistiques générales
  • Ce quiz a été pris 7 fois
  • Le résultat moyen est 5 sur 40
Statistiques - réponses
Grotte Univers % Correct
Grotte de la Corneille aux Trois Yeux Game of Thrones
71%
Caverne Azurée Pokémon
71%
Antre de Tumnus Le Monde de Narnia
57%
Grotte du Mal (Dagobah) Star Wars
43%
Grotte Miraculeuse (dépétrification) Dr Stone
29%
Cimetière des Dragons Fairy Tail
29%
Grotte de l'Oracle(Colonie des Sang-Mêlé) Percy Jackson
29%
Caverne Dodongo The Legend of Zelda
29%
Grotte des Coral Buddies Fortnite
14%
Grotte de Padraig Kaamelott
14%
Réserve des Bombes zéro Kid Icarus
14%
Grottes Scintillantes/Aglarond Le Seigneur des Anneaux
14%
Caverne Crocroc Mario
14%
Grotte Ryushi (des Serpents) Naruto
14%
Grand Tombeau de Nazarick Overlord
14%
Terri Fermi Picsou
14%
Grotte de la chute d'Hob The Elder Scrolls
14%
Caverne du lac de Roccaluce Winx
14%
Caverne de Wicca Assassin's Creed
0%
Drakontospilo Assassin's Creed
0%
Grotte des Amoureux/Tunnel Secret Avatar: Le Dernier Maître de l'Air
0%
Grottes d'Androzani Doctor Who
0%
Grotte du vieux Poil-Blanc Donjons & Dragons
0%
Grotte du gruyère Donkey Kong
0%
Grotte de Sagitta Dragon Quest
0%
Grotte de CeuX-du-soleil Far Cry
0%
Caverne de Lucrécia Final Fantasy
0%
Cliffside Gardiens des Cités Perdues
0%
Caverne Nocive Hollow Knight
0%
Grottes du papa de Carl Les Simpson
0%
Grotte rhystique Magic
0%
Grotte de la peur Monster Hunter
0%
Grotte de l'Echo (du Pays Imaginaire) Once Upon a time
0%
Nid des monstres One Punch Man
0%
Grotte des Mauvais Rêves Rayman
0%
Grotte de Yustianna The Witcher
0%
Grottes de Kaliya Tomb Raider
0%
Grotte de Saralek World of Warcraft
0%
Grotte du grincheux Yokai-Watch
0%
Grotte des Porcs-Epics Yoshi's Island
0%
Aucun quiz correspondant
Distribution des résultats
% des personnes avec chaque résultat
Percentile par nombre de réponses
Votre historique - résultats
Vous n’avez pas pris ce quiz